书目信息 |
| 题名: |
思想道德修养教学大纲
|
|
| 作者: | ;教育部思想政治工作司 | |
| 分册: | ||
| 出版信息: | 北京 高等教育出版社 1998.08 |
|
| 页数: | 125页 | |
| 开本: | 19cm | |
| 丛书名: | ||
| 单 册: | ||
| 中图分类: | G641-41 | |
| 科图分类: | ||
| 主题词: | 教育--各级 | |
| 电子资源: | ||
| ISBN: | 7-04-006708-0 | |
| 000 | 00679nam0 2200205 45 | |
| 001 | 0235146948 | |
| 005 | 2002061009454694 | |
| 010 | @a7-04-006708-0@dRMB 4.10 | |
| 100 | @a20020610d1998 km y0chiy0120 ea | |
| 101 | 0 | @achi |
| 102 | @aCN@b110000 | |
| 200 | 1 | @a思想道德修养教学大纲@Asi xiang dao de xiu yang jiao xue da gang@f教育部思想政治工作司@Fjiao yu bu si xiang zheng zhi gong zuo si |
| 210 | @a北京@c高等教育出版社@d1998.08 | |
| 215 | @a125页@d19cm | |
| 300 | @a全国高等学校通用教材 | |
| 606 | 0 | @a教育@x各级 |
| 690 | @aG641-41@v3 | |
| 711 | 0 | @a教育部思想政治工作司@Ajiao yu bu si xiang zheng zhi gong zuo si |
| 801 | 0 | @aCN@bPFT@c20020610 |
| 905 | @a10447@dG641-41@eJ688 | |
| 思想道德修养教学大纲/教育部思想政治工作司.-北京:高等教育出版社,1998.08 |
| 125页;19cm |
| 全国高等学校通用教材 |
| ISBN 7-04-006708-0:RMB 4.10 |
| ● |
| 相关链接 |
|
|
|
正题名:思想道德修养教学大纲
索取号:G641-41/J688
 
预约/预借
| 序号 | 登录号 | 条形码 | 馆藏地/架位号 | 状态 | 备注 |
| 1 | 362008 | 203620082 | 社科库409/409社科库 10排3列2层/ [索取号:G641-41/J688] | 在馆 | |
| 2 | 362009 | 203620091 | 社科库409/409社科库 10排3列2层/ [索取号:G641-41/J688] | 在馆 | |
| 3 | 362010 | 203620108 | 社科库409/409社科库 10排3列2层/ [索取号:G641-41/J688] | 在馆 |